• 首页
  • 本馆介绍
  • 公告通知
  • 最新文献
  • 馆藏检索
  • 电子资源
  • 读者荐购
  • 参考咨询
  • CALIS
  • 我的图书馆
  • 登录
  • 详细信息显示
  • 放入我的书架
  • 预约/预借图书
  • 作者相关作品
  • 分类相关作品
  • 丛书相关作品
  • 出版社相关作品

书目信息

  • 表格格式
  • 工作单格式
  • 卡片格式
题名:
绿色建筑设计教程
    
 
作者: 张彤 , 鲍莉 编著
分册:  
出版信息: 北京   中国建筑工业出版社  2024.12
页数: 230页
开本: 26cm
丛书名: 碳中和城市与绿色智慧建筑系列教材
单 册:
中图分类: TU201.5 , TU201.5-43
科图分类:
主题词: 生态建筑--建筑设计--高等学校--教材
电子资源:
ISBN: 978-7-112-30770-8
 
 
 
 
 
000 01547nam0 2200349 450
001 2530687544
005 20251205090922.04
010    @a978-7-112-30770-8@dCNY59.00
090    @aTU2@bzt
096    @aTU2@bzt
100    @a20251029d2024 em y0chiy50 ea
101 0  @achi
102    @aCN@b110000
105    @aa z 000yy
200 1  @a绿色建筑设计教程@d=Green studio teaching programmes of sustainable architectural design@f张彤,鲍莉编著@zeng@9lv se jian zhu she ji jiao cheng
205    @a2版
210    @a北京@c中国建筑工业出版社@d2024.12
215    @a230页@c图@d26cm
225 2  @a碳中和城市与绿色智慧建筑系列教材
300    @a住房和城乡建设部"十四五 " 规划教材 教育部高等学校建筑类专业教学指导委员会规划推荐教材
300    @a国家重点研发计划战略性科技创新合作项目、国家自然科学基金面上项目资助
330    @a本书重点在于绿色建筑设计理论和方法的体系化教学,基于建筑形式能量法则的基础理论以及环境调控作为建筑发展的本体驱动这一个理论认知,从总图设计、建筑体形设计、空间形态设计、气候界面设计、性能化构造设计和主被动结合设计等六个方面讲授绿色建筑设计的理念和方法,并选择典型教案与优秀作业作为示例。
410  0 @12001 @a碳中和城市与绿色智慧建筑系列教材
503    @n河南城建学院图书馆
510 1  @aGreen studio teaching programmes of sustainable architectural design@zeng
606 0  @a生态建筑@x建筑设计@x高等学校@j教材
690    @aTU201.5@v5
690    @aTU201.5-43@v4
701  0 @a张彤@4编著@9zhang tong
701  0 @a鲍莉@4编著@9bao li
801  0 @aCN@bMuseLib.NET@c20251029
905    @aZUCC@dTU201.5-43@eZ182=2
    
    绿色建筑设计教程=Green studio teaching programmes of sustainable architectural design/张彤,鲍莉编著.-2版.-北京:中国建筑工业出版社,2024.12
    230页:图;26cm.-(碳中和城市与绿色智慧建筑系列教材)
    住房和城乡建设部"十四五 " 规划教材 教育部高等学校建筑类专业教学指导委员会规划推荐教材.-国家重点研发计划战略性科技创新合作项目、国家自然科学基金面上项目资助
    
    ISBN 978-7-112-30770-8:CNY59.00
    本书重点在于绿色建筑设计理论和方法的体系化教学,基于建筑形式能量法则的基础理论以及环境调控作为建筑发展的本体驱动这一个理论认知,从总图设计、建筑体形设计、空间形态设计、气候界面设计、性能化构造设计和主被动结合设计等六个方面讲授绿色建筑设计的理念和方法,并选择典型教案与优秀作业作为示例。
●
相关链接 在E读中查询图书 在当当中查询图书 在豆瓣中查询图书


正题名:绿色建筑设计教程     索取号:TU201.5-43/Z182=2         预约/预借

序号 登录号 条形码 馆藏地/架位号 状态 备注
1 1556564   215565644   建筑与城市规划学院资料室/ [索取号:TU201.5-43/Z182=2] 在馆    
2 1556565   215565653   建筑与城市规划学院资料室/ [索取号:TU201.5-43/Z182=2] 在馆    
河南城建学院图书馆 欢迎您!
大连网信软件有限公司© 版权所有